[Event "Gibtelecom Masters"]
[Site "Gibraltar"]
[Date "2008.01.27"]
[Round "6.89"]
[White "Erichsen, Dan"]
[Black "Aagedal, Geir Ole"]
[Result "1-0"]
[WhiteElo "2169"]
[BlackElo "1839"]
[PlyCount "77"]
[EventDate "2008.01.22"]

1. e4 c5 2. Nf3 g6 3. d4 cxd4 4. Qxd4 Nf6 5. e5 Nc6 6. Qa4 Nd5 7. Qe4 Nc7 8.
Bc4 Bg7 9. O-O O-O 10. Rd1 Ne6 11. Nc3 a6 12. a4 b6 13. Nd5 Rb8 14. Qe2 Bb7 15.
c3 Na5 16. Ba2 Rc8 17. Be3 Bxd5 18. Rxd5 Ra8 19. Rad1 Ra7 20. Rxa5 bxa5 21.
Bxa7 Qc7 22. Qe3 Qb7 23. b4 axb4 24. Bd5 Qc8 25. cxb4 Qc2 26. Bb3 Qf5 27. Bxe6
Qxe6 28. b5 axb5 29. axb5 h5 30. b6 Qg4 31. Qd4 Qe6 32. Qxd7 Qa2 33. Qd5 Qa4
34. Qd4 Qa6 35. h3 f6 36. exf6 Bxf6 37. Qd3 Qb7 38. Qxg6+ Bg7 39. Ng5 1-0

[Event "Gibtelecom Masters"]
[Site "Gibraltar"]
[Date "2008.01.27"]
[Round "6.90"]
[White "Perman, Torvald"]
[Black "Yarur Elsaca, Daniel"]
[Result "1-0"]
[WhiteElo "2092"]
[BlackElo "1845"]
[PlyCount "87"]
[EventDate "2008.01.22"]

1. c4 Nf6 2. g3 g6 3. Bg2 Bg7 4. Nc3 O-O 5. d4 Nc6 6. Nf3 d6 7. O-O Ng4 8. h3
Nf6 9. e4 Nd7 10. Be3 e5 11. d5 Ne7 12. Qd2 f5 13. Ng5 Nf6 14. Ne6 Bxe6 15.
dxe6 c6 16. Rad1 f4 17. gxf4 Nh5 18. Qxd6 exf4 19. Qxd8 Raxd8 20. Bxa7 Rxd1 21.
Rxd1 f3 22. Bf1 Nf4 23. Be3 Nxe6 24. Rd7 Nc8 25. Rxb7 Be5 26. Rd7 g5 27. c5 Rf6
28. Bc4 g4 29. hxg4 Rg6 30. Bxe6+ Rxe6 31. Rd8+ Kf7 32. Rxc8 Rg6 33. g5 h6 34.
Kf1 hxg5 35. Ke1 g4 36. Nd1 Re6 37. a4 Bxb2 38. Rc7+ Kf6 39. Nxb2 Rxe4 40.
Rxc6+ Kf5 41. Rc8 g3 42. Rf8+ Kg4 43. Rg8+ Kh3 44. Rxg3+ 1-0

[Event "Gibtelecom Masters"]
[Site "Gibraltar"]
[Date "2008.01.27"]
[Round "6.91"]
[White "Hughes, Roy"]
[Black "Lode, Marius"]
[Result "1/2-1/2"]
[WhiteElo "2051"]
[BlackElo "1822"]
[PlyCount "52"]
[EventDate "2008.01.22"]

1. e4 e6 2. d4 d5 3. Nd2 Nf6 4. e5 Nfd7 5. Bd3 c5 6. c3 Nc6 7. Ne2 cxd4 8. cxd4
f6 9. exf6 Nxf6 10. Nf3 Bd6 11. O-O O-O 12. Nc3 Qb6 13. Be3 a6 14. a3 Qc7 15.
Rc1 Bd7 16. Bg5 Ng4 17. h3 Nh2 18. Nxh2 Bxh2+ 19. Kh1 Bf4 20. Bxf4 Rxf4 21. Ne2
Rf6 22. Ng3 Raf8 23. Nh5 R6f7 24. Ng3 Rf6 25. Nh5 R6f7 26. Ng3 Rf6 1/2-1/2